000 00485nam a2200181Ia 4500
005 20250326124141.0
008 250326s9999 xx 000 0 und d
037 _aTextbook
040 _aFMSL
_beng
_cFMSL
041 _aeng
_2eng
084 _aX:5:Z2 L9;1;1
_qFMSL
100 _aRohatgi K B
245 0 _aMercantile law
_cRohatgi K B; Chopra R K
260 _aDelhi
_bDelhi, Frank
_c1979
300 _avp
942 _cTB
_hX:5:Z2 L9;1;1
999 _c1272488
_d1272488